Curso de derecho penal chileno

Gespeichert in:
Bibliographische Detailangaben
1. Verfasser: Novoa Monreal, Eduardo (autor)
Format: Buch
Sprache:Spanisch
Veröffentlicht: Santiago Jurídica de Chile 1966
Schlagworte:
Tags: Tag hinzufügen
Keine Tags, Fügen Sie den ersten Tag hinzu!

MARC

LEADER 00000nam a2200000 a 4500
001 UCY0656
003 CL-VaPUC
008 940810e19660000CL |||||||||||||||||spa|d
082 0 4 |a 345.83  |b NOV  |2 21 
100 |a Novoa Monreal, Eduardo  |e autor  |9 499707 
245 1 0 |a Curso de derecho penal chileno 
300 |a 2 v 
942 |c BK 
945 |d 19940810 00:00:00  |a aalvarez 
260 |a Santiago  |b Jurídica de Chile  |c 1966 
650 0 |a Derecho penal chileno  |9 328444 
583 |a last modification  |c 19940810 00:00:00  |k Rodrigo Vera 
999 |c 229609  |d 229607 
952 |0 0  |1 0  |4 0  |6 345_830000000000000_NOV_1966  |7 0  |8 A  |9 230933  |a BIBDER  |b BIBDER  |d 2019-11-15  |h v.1  |i 3004767  |o 345.83 NOV 1966  |p 3004767  |r 2023-01-25  |w 2019-11-15  |y BK  |k DER 
952 |0 0  |1 0  |4 0  |6 345_830000000000000_NOV_1966  |7 0  |8 A  |9 230934  |a BIBDER  |b BIBDER  |d 2019-11-15  |h v.2  |i 3004805  |o 345.83 NOV 1966  |p 3004805  |r 2025-04-09  |w 2019-11-15  |y BK  |k DER